Fantasmas de dia / (Record no. 27090)

MARC details
000 -LEADER
fixed length control field 01133cam a2200349Ia 4500
001 - CONTROL NUMBER
control field 52223612
003 - CONTROL NUMBER IDENTIFIER
control field OCoLC
005 - DATE AND TIME OF LATEST TRANSACTION
control field 20220621155749.0
008 - FIXED-LENGTH DATA ELEMENTS--GENERAL INFORMATION
fixed length control field 030512s2000 sp a j 000 1 spa d
020 ## - INTERNATIONAL STANDARD BOOK NUMBER
International Standard Book Number 8434822091
020 ## - INTERNATIONAL STANDARD BOOK NUMBER
International Standard Book Number 9788434822092
040 ## - CATALOGING SOURCE
Original cataloging agency LPU
Language of cataloging eng
Transcribing agency LPU
Modifying agency OCLCQ
-- BAKER
-- BTCTA
-- YOL
041 ## - LANGUAGE CODE
Language code of text/sound track or separate title spa
092 ## - LOCALLY ASSIGNED DEWEY CALL NUMBER (OCLC)
Classification number SP J BAQUEDANO
100 1# - MAIN ENTRY--PERSONAL NAME
Personal name Baquedano, Lucia.
245 10 - TITLE STATEMENT
Title Fantasmas de dia /
Statement of responsibility, etc. Lucia Baquedano ; [ilustraciones, Tino Gatagan].
250 ## - EDITION STATEMENT
Edition statement 33. ed.
260 ## - PUBLICATION, DISTRIBUTION, ETC. (IMPRINT)
Place of publication, distribution, etc. Madrid :
Name of publisher, distributor, etc. Ediciones SM,
Date of publication, distribution, etc. 2004, c1987.
300 ## - PHYSICAL DESCRIPTION
Extent 93 pages :
Other physical details illustrations ;
Dimensions 20 cm.
336 ## - CONTENT TYPE
Content type term text
Content type code txt
Source rdacontent.
337 ## - MEDIA TYPE
Media type term unmediated
Media type code n
Source rdamedia.
338 ## - CARRIER TYPE
Carrier type term volume
Carrier type code nc
Source rdacarrier.
490 1# - SERIES STATEMENT
Series statement Barco de vapor. Serie naranja ;
Volume/sequential designation 44.
521 1# - TARGET AUDIENCE NOTE
Target audience note "A partir de 9 anos"--P. [4] of cover.
586 ## - AWARDS NOTE
Awards note "Premio El Barco de Vapor 1986."
650 #0 - SUBJECT ADDED ENTRY--TOPICAL TERM
Topical term or geographic name as entry element Accidents
Form subdivision Fiction.
650 #0 - SUBJECT ADDED ENTRY--TOPICAL TERM
Topical term or geographic name as entry element Practical jokes
Form subdivision Fiction.
650 #0 - SUBJECT ADDED ENTRY--TOPICAL TERM
Topical term or geographic name as entry element Spanish language materials
Form subdivision Juvenile fiction.
700 1# - ADDED ENTRY--PERSONAL NAME
Personal name Gatagan, Constantino,
Relator term illustrator.
830 #0 - SERIES ADDED ENTRY--UNIFORM TITLE
Uniform title Barco de vapor.
Name of part/section of a work Serie naranja ;
Volume number/sequential designation 44.
942 ## - ADDED ENTRY ELEMENTS (KOHA)
Koha item type Libro/Book
Holdings
Withdrawn status Lost status Damaged status Not for loan Home library Current library Shelving location Date acquired Total Checkouts Full call number Barcode Date last seen Price effective from Koha item type Inventory number Date checked out
        Las Marias -- Satellite Las Marias -- Satellite   21/06/2022 1 JFI 3600432 16/10/2024 21/06/2022 Libro/Book inventory date: 31/1/25 20/08/2024
        San Juan Del Sur -- Biblioteca San Juan Del Sur -- Biblioteca Children's Area 21/06/2022   JF 30028888 21/06/2022 21/06/2022 Libro/Book    

Powered by Koha